Statistics for Shapes of Countries that Border France

Click here to take the quiz!

General Stats

  • This quiz has been taken 32 times
  • The average score is 9 of 10

Answer Stats

Answer% Correct
Italy
100%
Spain
100%
Germany
94%
Monaco
94%
Belgium
90%
Switzerland
87%
Andorra
84%
Brazil
84%
Luxembourg
81%
Suriname
74%

Score Distribution

Percentile by Number Answered

Percent of People with Each Score

Your Score History

You have not taken this quiz